|
|
|
|
| LEADER |
00000nas a2200000 a 4500 |
| 001 |
ssj0055578 |
| 003 |
WaSeSS |
| 005 |
20200512172242.0 |
| 006 |
m d |
| 007 |
cr n |
| 008 |
061004c20079999cauqr p s 0 a0eng c |
| 010 |
|
|
|a 2006215637
|
| 015 |
|
|
|a GBB614714
|2 bnb
|
| 016 |
7 |
|
|a 2426386-2
|2 DE-600
|
| 016 |
7 |
|
|a 017701228
|2 Uk
|
| 022 |
|
|
|a 1934-2047
|l 1934-2039
|y 1934-2039
|
| 035 |
|
|
|a (WaSeSS)ssj0055578
|
| 037 |
|
|
|b C.G. Jung Institutle of San Francisco, 2040 Gough Street, San Francisco, CA 94109-3418
|c $52.00 (individuals)
|c $100.00 (institutions)
|
| 037 |
|
|
|a 22573/cts9m2jj
|b JSTOR
|
| 040 |
|
|
|a NSD
|b eng
|c NSD
|d NSD
|d OCLCS
|d OCLCQ
|d HEBIS
|d EYM
|d MYG
|d OCLCQ
|d OCLCF
|d TEF
|d VT2
|d OCLCQ
|d CUS
|d NLE
|d BUF
|d NTG
|d AU@
|d UKMGB
|d DLC
|d WaSeSS
|
| 042 |
|
|
|a pcc
|a nsdp
|
| 050 |
0 |
0 |
|a BF175.4.C84
|
| 082 |
1 |
0 |
|a 150. 19/54/05
|2 14
|
| 222 |
|
0 |
|a Jung journal
|b (Online)
|
| 245 |
0 |
0 |
|a Jung journal
|h [electronic resource] :
|b culture & psyche.
|
| 246 |
1 |
3 |
|a Jung journal culture & psyche
|
| 246 |
1 |
3 |
|a Jung journal culture and psyche
|
| 260 |
|
|
|a San Francisco, Calif. :
|b Virginia Allan Detloff Library, C.G. Jung Institutle of San Francisco,
|c 2007-
|
| 310 |
|
|
|a Quarterly
|
| 362 |
0 |
|
|a Vol. 1, no. 1/2 (winter/spring 2007)-
|
| 506 |
|
|
|a License restrictions may limit access.
|
| 588 |
|
|
|a Description based on: Vol. 1, no. 1/2 (winter/spring 2007); title from cover (JSTOR, viewed Dec. 16, 2011).
|
| 588 |
|
|
|a Latest issue consulted: Vol. 13, issue 2 (2019); (Taylor & Francis Online, viewed August 26, 2019).
|
| 600 |
1 |
0 |
|a Jung, C. G.
|q (Carl Gustav),
|d 1875-1961
|v Periodicals.
|
| 600 |
1 |
7 |
|a Jung, C. G.
|q (Carl Gustav),
|d 1875-1961.
|2 fast
|0 (OCoLC)fst00029786
|
| 650 |
|
0 |
|a Psychoanalysis and culture
|v Periodicals.
|
| 650 |
|
0 |
|a Jungian psychology
|v Periodicals.
|
| 650 |
|
7 |
|a Jungian psychology.
|2 fast
|0 (OCoLC)fst00984858
|
| 650 |
|
7 |
|a Psychoanalysis and culture.
|2 fast
|0 (OCoLC)fst01081263
|
| 655 |
|
0 |
|a Electronic journals.
|
| 710 |
2 |
|
|a Virginia Allan Detloff Library.
|
| 710 |
2 |
|
|a C.G. Jung Institute of San Francisco.
|
| 776 |
0 |
8 |
|i Print version:
|t Jung journal
|x 1934-2039
|w (DLC) 2006215636
|w (OCoLC)71835428
|
| 780 |
0 |
0 |
|t San Francisco Jung Institute Library journal (Online)
|x 1933-9119
|w (DLC) 2006214059
|w (OCoLC)76700312
|
| 850 |
|
|
|a DLC
|
| 856 |
4 |
0 |
|z Full text available from Research Library: 01/01/2007 to 10/31/2012
|u https://search.proquest.com/publication/75956
|